000
00290 a2200121 4500
001
80616
082
_a
303.62522 IQB
090
_c
39680
_d
39680
100
_a
Iqbal S. Hussain, Dr
245
_a
Terrorism in Action
260
_a
lahorre
_b
Humanity International
_c
2003
300
_a
382
942
_a
NUST-CAE
_k
303.62522 IQB
999
_c
315689
_d
315689